Towards A New Educational Protocol/ (Record no. 191981)

MARC details
000 -LEADER
fixed length control field 00589nam a22001817a 4500
005 - DATE AND TIME OF LATEST TRANSACTION
control field 20220908120112.0
010 ## - LCCN (DPL NO)
LC control number ENG-134972
020 ## - INTERNATIONAL STANDARD BOOK NUMBER
International Standard Book Number 978-93-80153-92-6
Terms of availability 270.00
035 ## - SYSTEM CONTROL NUMBER
System control number EN-118504
037 ## - SOURCE OF ACQUISITION
Source of stock number/acquisition DBAD/PUB
082 ## - DEWEY DECIMAL CLASSIFICATION NUMBER
Classification number 370
100 ## - MAIN ENTRY--PERSONAL NAME
Personal name M.G. Jackson
245 ## - TITLE STATEMENT
Title Towards A New Educational Protocol/
Remainder of title Beyond Greening and Examination Reform is School Educaton
Statement of responsibility, etc M.G. Jackson
260 ## - PUBLICATION, DISTRIBUTION, ETC. (IMPRINT)
Place of publication, distribution, etc Secunderabad
Name of publisher, distributor, etc Permanent Green
Date of publication, distribution, etc 2013
270 ## - ADDRESS
Address 12-13-439, Street no.1, Tarnaka
City Secunderabad
Postal code 500017
300 ## - PHYSICAL DESCRIPTION
Extent 162p.
Dimensions 21cm(pb)
942 ## - ADDED ENTRY ELEMENTS (KOHA)
Source of classification or shelving scheme Dewey Decimal Classification
Item type English Books
Classification part 370
Call number suffix JAC
Holdings
Withdrawn status Lost status Not for loan Collection code Home library Current library Date acquired Source of acquisition Cost, normal purchase price Full call number Barcode Copy number Cost, replacement price Koha item type
      Non-fiction Shahdara Branch Shahdara Branch 08/09/2022 DBAD/PUB 120.00 370 JAC EN-118504 1 120.00 English Books

© Delhi Public Library
Hit Counter
free hit counter